Молчановой Марии Ильиничны

Доступно только в Электронных читальных залах Найти на картеНа карте
RUSMARC
00003868nac2a22002891x 450
00145959773-81b8-4c29-82a6-7c552dbd864b
00520131226115843.0
100##$a20130529l1915 k y0rusy50 ca
1010#$arus
102##$aRU
105##$ay z |||||
1220#$ad19151009
2001#$aМолчановой Марии Ильиничны
$j9 октября 1915
215##$a2 листа
251##$cДело
300##$aЗаголовок дела на папке: Письмо Молчановой Марии Кони А. Ф.
300##$a1 письмо
300##$aРукописный текст
330##$aПереписка А. Ф. Кони; Письма к А. Ф. Кони
461#0$10013a54f2e3-e9cf-409b-80fa-f0a9bd3c40cb
$12001
$aКони Анатолий Федорович, юрист, литератор, член академии наук, председатель Санкт-Петербургского окружного суда, член государственного совета
$1251
$cФонд
$1852
$j564
462#0$100178a475cd-a47d-4377-bff3-cee4b81de655
$12001
$aОпись дел фонда А. Ф. Кони за 1880-1931 гг.
$1251
$cОпись
$1852
$j1
517##$aПисьмо Молчановой Марии Кони А. Ф.
600#1$aКони
$bА. Ф.
$f1844-1927
$gАнатолий Федорович
600#1$aМолчанова
$bМ. И.
$gМария Ильинична
801#0$aRU
$bGA_RF
801#1$aRU
$bНПО Опыт
$c20130529
$2rusmarc
801#2$aRU
$bПБ им. Б.Н. Ельцина
$c20131226
$gRCR
$2rusmarc
852##$aГА РФ
$j2604
937##$d42536089
$hПБ
035##$aRuPRLIB51003385
Формат отображения